000
00211nam a2200085Ia 4500
008
120527s9999 xx 000 0 und d
100
_a
Rutledge & Claris
245
_a
Mathematics for Business Analysis
942
_c
BK
999
_c
27804
_d
27804